00532nam a22001697a 450000500170000001000130001702000270003003500130005703700150007008200110008510000240009624500930012026000420021327000590025530000280031470000200034220180305145246.0 aB-689635 a9788190583329c4500.00 aB-689635 adplbAakar a954.16 aAkhtar,Susmita S.  aForgotten Dilli:cby Sasmita S. Akhtar and Shamim Akhtar bportrait of an immortal city/ aNew DelhibNishcam Publication c2010 a19, third Floor, Hauz Khas Village bNew Delhie110016 a183pc40cm(Hb)bCol.ill aAkhtar, Shamim